<?xml version='1.0' encoding='UTF-8'?>
  <record xmlns="http://www.loc.gov/MARC21/slim">
    <leader>00000cam a22000007i 4500</leader>
    <controlfield tag="001">ocm69227934</controlfield>
    <controlfield tag="003">OCoLC</controlfield>
    <controlfield tag="005">20250415153158.8</controlfield>
    <controlfield tag="008">950102s1717    gw            000 0 ger d</controlfield>
    <datafield tag="040" ind1=" " ind2=" ">
      <subfield code="a">NLGGC</subfield>
      <subfield code="b">dut</subfield>
      <subfield code="e">fobidrtb</subfield>
      <subfield code="c">NLGGC</subfield>
      <subfield code="d">OCLCO</subfield>
      <subfield code="d">OCLCA</subfield>
      <subfield code="d">OCLCL</subfield>
      <subfield code="d">OCLCQ</subfield>
    </datafield>
    <datafield tag="029" ind1="0" ind2=" ">
      <subfield code="a">NLGGC</subfield>
      <subfield code="b">125919948</subfield>
    </datafield>
    <datafield tag="035" ind1=" " ind2=" ">
      <subfield code="a">(OCoLC)69227934</subfield>
    </datafield>
    <datafield tag="100" ind1="1" ind2=" ">
      <subfield code="a">Cron, Ludwig,</subfield>
      <subfield code="d">fl.1717.</subfield>
      <subfield code="1">https://id.oclc.org/worldcat/entity/E39PCjyWM3xFx398gKBt7VY6w3</subfield>
    </datafield>
    <datafield tag="245" ind1="1" ind2="4">
      <subfield code="a">Der bey dem Aderlassen und Zahn-ausziehen sicher, geschwind, glücklich und recht qualificirte Candidatus Chirurgiae oder Barbier Geselle in welchem deutlich gewiesen und gezeiget wird wie man das Aderlassen und Zahn ausziehen recht lernen und hernach (Gott gebe) allezeit glücklich und wohl practiciren möge :</subfield>
      <subfield code="b">weiln nun diese beyde Stücke offt und vielfältig vorkommen und höchst nöthig in der Chirurgie, als ist denen Lehrlingen und jungen Anfängern solcher edlen Kunst zu sonderbahren Gefallen und Nutzen dieses aufgesetzet /</subfield>
      <subfield code="c">von Ludwig Cron.</subfield>
    </datafield>
    <datafield tag="260" ind1=" " ind2=" ">
      <subfield code="a">Leipzig :</subfield>
      <subfield code="b">Verlegts Friedrich Groschuff,</subfield>
      <subfield code="c">1717.</subfield>
    </datafield>
    <datafield tag="300" ind1=" " ind2=" ">
      <subfield code="a">[18], 198, [10] p. :</subfield>
      <subfield code="b">ill. ;</subfield>
      <subfield code="c">in-8.</subfield>
    </datafield>
    <datafield tag="336" ind1=" " ind2=" ">
      <subfield code="a">tekst</subfield>
      <subfield code="b">txt</subfield>
      <subfield code="2">rdacontent/dut</subfield>
    </datafield>
    <datafield tag="337" ind1=" " ind2=" ">
      <subfield code="a">zonder medium</subfield>
      <subfield code="b">n</subfield>
      <subfield code="2">rdamedia/dut</subfield>
    </datafield>
    <datafield tag="338" ind1=" " ind2=" ">
      <subfield code="a">band</subfield>
      <subfield code="b">nc</subfield>
      <subfield code="2">rdacarrier/dut</subfield>
    </datafield>
    <datafield tag="710" ind1="0" ind2=" ">
      <subfield code="a">Groschuff, Friedrich (Leipzig)</subfield>
      <subfield code="4">prt</subfield>
      <subfield code="0">(NL-LeOCL)136067875</subfield>
    </datafield>
    <datafield tag="758" ind1=" " ind2=" ">
      <subfield code="a">Der bey dem Ader-lassen und Zahn-ausziehen sicher-geschwind-glücklich und recht qualificirte Candidatus Chirurgiae oder Barbier-Geselle (Text)</subfield>
      <subfield code="1">https://id.oclc.org/worldcat/entity/E39PCFMWtXCPjhQq8kKr76KFBq</subfield>
      <subfield code="4">https://id.oclc.org/worldcat/ontology/hasWork</subfield>
    </datafield>
    <datafield tag="936" ind1=" " ind2=" ">
      <subfield code="a">BATCHLOAD</subfield>
    </datafield>
  </record>